Statistiques concernant Culture Générale - Série 1519

Cliquez ici pour prendre le quiz!

Statistiques générales

  • Ce quiz a été pris 195 fois
  • Le résultat moyen est 6 sur 10

Statistiques - réponses

QuestionRéponse% Correct
A quel État appartient l'île de Rhodes ?Grèce
94%
Quel mot désigne à la fois les petits d'une tourterelle, et un couple d'amoureux ?tourtereaux
93%
En grammaire, "mon, ton, son, ma, ta, sa" sont appelés des adjectifs...possessifs
86%
Comment doit-on écrire l'adjectif homonyme de "beau", quand il qualifie un membre déformé.bot
76%
A quel dramaturge britannique doit-on les pièces "La Mégère apprivoisée" et "Les Deux Gentilshommes de Vérone" ?William Shakespeare
69%
Les producteurs des émissions : "Numéro 1" et "Top A" étaient : Maritie et Gilbert...Carpentier
66%
Le dieu précolombien Quetzalcóatl est aussi appelé "Serpent à...plumes
62%
Selon le titre d'une série télévisée avec Jane Seymour, quel docteur est "femme médecin" à Colorado Springs ?Docteur Quinn
48%
A quel peintre flamand, prénommé Petrus Paulus, doit-on le chef-d'oeuvre : "Les Trois Grâces" ?Rubens
28%
À quel moine français, dont l'anagramme est "grues", mort en 1151, est attribué l'ouvrage intitulé “Histoire de Louis VII” ?Suger
24%

Distribution des résultats

Percentile par nombre de réponses

% des personnes avec chaque résultat

Votre développement - résultats

Vous n’avez pas pris ce quiz